| Tag |
First Indicator |
Second Indicator |
Subfields |
| LEADER |
00000pam a2200000 i 4500 |
| 001 |
in00000493621 |
| 005 |
20151013054438.0 |
| 008 |
750327s1976 alua b 00010 eng |
| 010 |
|
|
|a 75009807
|
| 020 |
|
|
|a 0817345000
|
| 035 |
|
|
|a (OCoLC)01288429
|
| 035 |
|
|
|9 ACC2551AM
|
| 040 |
|
|
|a DLC
|c DLC
|d TXA
|d UtOrBLW
|
| 043 |
|
|
|a a-ir---
|
| 049 |
|
|
|a TXAM
|c [1358507]
|
| 050 |
0 |
0 |
|a HV418
|b .P74
|
| 082 |
0 |
|
|a 361/.955
|
| 100 |
1 |
|
|a Prigmore, Charles S.
|
| 245 |
1 |
0 |
|a Social work in Iran since the white revolution /
|c Charles S. Prigmore.
|
| 264 |
|
1 |
|a University :
|b University of Alabama Press,
|c [1976]
|
| 264 |
|
4 |
|c ©1976
|
| 300 |
|
|
|a xii, 194 pages :
|b illustrations ;
|c 22 cm.
|
| 336 |
|
|
|a text
|b txt
|2 rdacontent
|
| 337 |
|
|
|a unmediated
|b n
|2 rdamedia
|
| 338 |
|
|
|a volume
|b nc
|2 rdacarrier
|
| 504 |
|
|
|a Bibliography: pages 189-190.
|
| 610 |
2 |
0 |
|a Teheran School of Social Work.
|
| 650 |
|
0 |
|a Social service
|z Iran.
|
| 650 |
|
0 |
|a Social work education
|z Iran.
|
| 651 |
|
0 |
|a Iran
|x Social policy.
|
| 999 |
|
|
|a MARS
|
| 999 |
f |
f |
|s 340970e3-df58-394b-9b25-984ffbbe4adb
|i bd12736a-97bc-3659-a10e-fb9f22a5778e
|t 0
|
| 952 |
f |
f |
|p ric
|a Texas A&M University
|b Rellis Campus
|c Joint Library Facility
|d Remote Storage
|t 0
|e HV418 .P74
|h Library of Congress classification
|i unmediated -- volume
|m A14803014770
|
| 998 |
f |
f |
|a HV418 .P74
|t 0
|l Remote Storage
|